| 000 | 00511nam a2200181Ia 4500 | ||
|---|---|---|---|
| 005 | 20250508152644.0 | ||
| 008 | 008 250505s9999 xx 000 0 hin d | ||
| 037 | _aTextual | ||
| 040 |
_aFEDL _beng _cFEDL |
||
| 041 |
_ahin _2eng |
||
| 084 |
_a820, DWI _qFEDL |
||
| 100 |
_aDwidi Ram Avadh _9762075 |
||
| 245 | 0 | _aAngreji bhasha aur sahitya | |
| 260 |
_aUttar Pradesh, India _bPrakashan Shakha Suchana Vibhag _c1960 |
||
| 300 | _a192p. | ||
| 942 |
_cTEXL _h820, DWI |
||
| 999 |
_c1337840 _d1337840 |
||